[Event "Reykjavik Open 2024"]
[Site "Reykjavik ISL"]
[Date "2024.03.15"]
[Round "1.151"]
[White "Oskarsson, Markus Orri"]
[Black "Vatneodegard, Marie"]
[Result "1-0"]
[WhiteElo "1816"]
[BlackElo "1575"]
[WhiteFideId "2320118"]
[BlackFideId "1546961"]
[EventDate "2024.03.15"]

1. d4 d5 2. Nc3 Nf6 3. Bf4 e6 4. Nb5 Bb4+ 5. c3 Ba5 6. e3 c6 7. Nd6+ Ke7 8. Qb3
Nbd7 9. Qa3 c5 10. dxc5 Bc7 11. c6 Bxd6 12. Bxd6+ Ke8 13. c7 Qxc7 14. Bxc7 Ne4
15. Bb5 b6 16. Bc6 Nc5 17. Bxa8 Nd3+ 18. Ke2 N3c5 19. Bd6 Ba6+ 20. Kd1 Ne4 21.
Qxa6 Nxd6 22. Bc6 Ke7 23. Bxd7 Kxd7 24. Qxa7+ Kc6 25. Nf3 f6 26. Nd4+ Kc5 27.
Qc7# 1-0

[Event "Reykjavik Open 2024"]
[Site "Reykjavik ISL"]
[Date "2024.03.15"]
[Round "1.152"]
[White "Olafsson, Olafur Orn"]
[Black "Stuhr, Finn"]
[Result "1-0"]
[WhiteElo "1542"]
[BlackElo "1814"]
[WhiteFideId "2312042"]
[BlackFideId "1400789"]
[EventDate "2024.03.15"]

1. d4 Nf6 2. c4 e6 3. Nc3 b6 4. Bg5 Be7 5. Nf3 d6 6. e3 Bb7 7. Bd3 Nbd7 8. O-O
O-O 9. Re1 c6 10. Rc1 Rc8 11. h3 a6 12. b4 c5 13. bxc5 dxc5 14. Bf4 Ne8 15. Be4
Bxe4 16. Nxe4 f5 17. Nc3 Nd6 18. d5 Nxc4 19. dxe6 Nf6 20. Qb3 Na5 21. Qc2 Nh5
22. Red1 Qe8 23. Bh2 Qg6 24. Rd7 Qxe6 25. Rcd1 Rfd8 26. Rxd8+ Rxd8 27. Ne5 Bf6
28. Rxd8+ Bxd8 29. Qd3 Qc8 30. Qd5+ Kh8 31. Nf7+ 1-0

[Event "Reykjavik Open 2024"]
[Site "Reykjavik ISL"]
[Date "2024.03.15"]
[Round "1.154"]
[White "Gudmundsson, Eirikur Orri"]
[Black "Kristinsson, Magnus"]
[Result "0-1"]
[WhiteElo "1536"]
[BlackElo "1810"]
[WhiteFideId "2325560"]
[BlackFideId "2305682"]
[EventDate "2024.03.15"]

1. d4 Nf6 2. Bf4 g6 3. Nf3 Bg7 4. Nc3 d5 5. e3 O-O 6. Bd3 a6 7. O-O Nbd7 8. h3
c5 9. Ne5 cxd4 10. exd4 Qb6 11. Ne2 Qxb2 12. Nxd7 Nxd7 13. c3 Qb6 14. Qd2 Re8
15. Bh6 Bh8 16. Nf4 Qc6 17. Nh5 e5 18. dxe5 Nxe5 19. Nf4 b5 20. Rac1 Bb7 21.
Rfe1 Qf6 22. h4 Qxh4 23. Nh3 Nxd3 24. Rxe8+ Rxe8 25. Bg5 Qc4 26. Be3 Nxc1 27.
Qxc1 d4 0-1

[Event "Reykjavik Open 2024"]
[Site "Reykjavik ISL"]
[Date "2024.03.15"]
[Round "1.155"]
[White "Vollmar, Timo"]
[Black "Leosson, Haukur Vidis"]
[Result "1-0"]
[WhiteElo "1809"]
[BlackElo "1535"]
[WhiteFideId "16253582"]
[BlackFideId "2325780"]
[EventDate "2024.03.15"]

1. e4 e6 2. d4 d5 3. Bd3 b6 4. Nf3 Bb7 5. exd5 exd5 6. O-O Nf6 7. c3 Be7 8. Bg5
O-O 9. Nbd2 Nbd7 10. Qc2 h6 11. Bh4 Rc8 12. Bf5 c5 13. Ne5 g5 14. Bg3 cxd4 15.
Qa4 Nc5 16. Qxd4 Ne6 17. Qa4 Nc5 18. Qd1 Ra8 19. Ng4 Nxg4 20. Qxg4 Bc8 21. Rad1
Bxf5 22. Qxf5 Qd7 23. Qf3 Rad8 24. Rfe1 f5 25. Be5 Bf6 26. Bxf6 Rxf6 27. Nf1 f4
28. b4 Na6 29. Ne3 Nc7 30. Ng4 Re6 31. Qh3 Kg7 32. Ne5 Rde8 33. Nd3 Rxe1+ 34.
Nxe1 Qxh3 35. gxh3 Nb5 36. Nc2 Nxc3 37. Rd3 Nxa2 38. Rxd5 Re7 39. Nd4 Kh7 40.
Nc6 Re6 41. b5 Nc3 42. Rd7+ Kg6 43. Nxa7 f3 44. Kf1 Ne4 45. Nc6 Rd6 46. Ne7+ Kf6
47. Nd5+ Ke6 48. Rxd6+ Kxd6 49. Nxb6 Nc3 50. Nc4+ Kc7 51. b6+ Kb7 52. Ke1 Nd5
53. Kd2 Nf4 54. h4 g4 55. Ke3 Ng2+ 56. Ke4 Nxh4 57. Kf4 h5 58. Kg5 Ng6 59. Kxg6
h4 60. Nd2 Kxb6 61. Kg5 g3 62. fxg3 hxg3 63. hxg3 f2 64. Kf4 Kb5 65. Kf3 1-0

[Event "Reykjavik Open 2024"]
[Site "Reykjavik ISL"]
[Date "2024.03.15"]
[Round "1.156"]
[White "Jonsdottir, Katrin Maria"]
[Black "Arun, Nitish"]
[Result "0-1"]
[WhiteElo "1525"]
[BlackElo "1808"]
[WhiteFideId "2316706"]
[BlackFideId "2524201"]
[EventDate "2024.03.15"]

1. e4 e5 2. Nf3 Nc6 3. Bc4 Nf6 4. d3 Bc5 5. c3 d6 6. h3 h6 7. O-O O-O 8. b4 Bb6
9. Nbd2 a5 10. b5 Ne7 11. a4 Ng6 12. Ba3 Re8 13. Qb3 Be6 14. Bxe6 Rxe6 15. c4
Bc5 16. Rac1 Nf4 17. Rfe1 g5 18. Bxc5 dxc5 19. Rc3 g4 20. hxg4 Nxg4 21. Nf1 Rg6
22. Ng3 h5 23. Ne2 Qf6 24. Nxf4 Qxf4 25. Qd1 h4 26. Qd2 Qf6 27. Nh2 h3 28. g3
Nxh2 29. Kxh2 Qf3 30. Rg1 Rd8 31. Qe3 Rf6 32. Qxf3 Rxf3 33. Rd1 Rxf2+ 34. Kxh3
Ra2 35. Rb1 b6 36. Rbb3 Rxa4 37. Ra3 Rb4 38. Rcb3 Kf8 39. Kg2 Ke7 40. Kf3 Kd6
41. Ke3 Rh8 42. Rxb4 cxb4 43. Ra1 Rh3 44. Kf3 Rh2 45. Ke3 Rc2 46. g4 b3 47. Rf1
b2 48. Rb1 Kc5 49. g5 a4 50. Kf3 a3 51. Rg1 Rc1 52. Rg2 b1=Q 53. g6 Qxd3+ 54.
Kf2 Rf1# 0-1

[Event "Reykjavik Open 2024"]
[Site "Reykjavik ISL"]
[Date "2024.03.15"]
[Round "1.157"]
[White "Petersen, Elias"]
[Black "Masson, Hrannar Mar"]
[Result "1-0"]
[WhiteElo "1808"]
[BlackElo "1520"]
[WhiteFideId "7202725"]
[BlackFideId "2325250"]
[EventDate "2024.03.15"]

1. c4 e5 2. g3 Bc5 3. Bg2 d6 4. Nc3 Nc6 5. Nf3 h6 6. a3 a6 7. O-O Nf6 8. d3 O-O
9. e3 Re8 10. d4 Bb6 11. h3 Ba5 12. b4 Bb6 13. Bb2 exd4 14. exd4 Ne7 15. Re1 Be6
16. d5 Bf5 17. Qd2 Qd7 18. Kh2 Bg4 19. Ne4 Nxe4 20. Rxe4 Bf5 21. Re2 Ng6 22.
Rae1 Rxe2 23. Qxe2 a5 24. g4 Bxg4 25. hxg4 Qxg4 26. Bc1 Nh4 27. Nxh4 Qxh4+ 28.
Kg1 axb4 29. axb4 f5 30. Qe6+ Kh8 31. Qxf5 Qxc4 32. Be4 Kg8 33. Qh7+ Kf7 34.
Bg6+ Kf6 35. Re6# 1-0

[Event "Reykjavik Open 2024"]
[Site "Reykjavik ISL"]
[Date "2024.03.15"]
[Round "1.158"]
[White "B. Berglindardottir, Emilia Embla"]
[Black "Field, Rowan Soraya"]
[Result "0-1"]
[WhiteElo "1519"]
[BlackElo "1806"]
[WhiteFideId "2318946"]
[BlackFideId "30941326"]
[EventDate "2024.03.15"]

1. d4 Nf6 2. Bf4 g6 3. e3 Bg7 4. Nf3 O-O 5. Bd3 c5 6. c3 Nc6 7. O-O d5 8. dxc5
Nd7 9. Bc2 Nxc5 10. Nfd2 e5 11. Bg3 h5 12. h3 Ne7 13. b4 Ne6 14. Nf3 e4 15. Nd4
Nxd4 16. cxd4 Nf5 17. Nc3 Nxg3 18. fxg3 Qg5 19. Qe1 Be6 20. h4 Qe7 21. a3 Rac8
22. Bb3 Rfd8 23. Rc1 Qd6 24. Kh2 Bh6 25. Rf2 b6 26. Rfc2 g5 27. Nxd5 Rxc2 28.
Nf6+ Kg7 29. Nxe4 Rxc1 30. Qxc1 Qe7 31. Bxe6 Qxe6 32. Nxg5 Bxg5 33. hxg5 Qg4 34.
Qc3 Rd5 35. Qe1 Rxg5 36. e4 h4 37. d5 hxg3+ 38. Kg1 Re5 39. Qa1 Qxe4 40. Kf1
Qe2+ 41. Kg1 Qe1+ 42. Qxe1 Rxe1# 0-1

[Event "Reykjavik Open 2024"]
[Site "Reykjavik ISL"]
[Date "2024.03.15"]
[Round "1.159"]
[White "Cooper, Malcolm H"]
[Black "Tourbez, Geofrey"]
[Result "0-1"]
[WhiteElo "1804"]
[BlackElo "1517"]
[WhiteFideId "469580"]
[BlackFideId "653058810"]
[EventDate "2024.03.15"]

1. d4 Nf6 2. c4 g6 3. Nc3 Bg7 4. e4 d6 5. Nf3 O-O 6. Be2 Nbd7 7. O-O e5 8. h3
Qe7 9. d5 Nc5 10. Qc2 a5 11. b3 Bd7 12. Bg5 h6 13. Be3 b6 14. a3 Nh5 15. b4 axb4
16. axb4 Nb7 17. Ra2 Nf4 18. Rfa1 Rxa2 19. Rxa2 f5 20. Bf1 g5 21. Ra7 g4 22.
hxg4 fxg4 23. Ne1 Bc8 24. Na4 h5 25. c5 h4 26. cxb6 Rf7 27. Ba6 h3 28. Bxb7 hxg2
29. Bxc8 Qh4 30. Bxg4 Qh1# 0-1

[Event "Reykjavik Open 2024"]
[Site "Reykjavik ISL"]
[Date "2024.03.15"]
[Round "1.160"]
[White "Gunnarsdottir, Eyrun Eva"]
[Black "Mercure, Gilbert"]
[Result "0-1"]
[WhiteElo "1491"]
[BlackElo "1804"]
[WhiteFideId "2327058"]
[BlackFideId "2629585"]
[EventDate "2024.03.15"]

1. d4 d5 2. c4 e5 3. Nc3 Bb4 4. Bd2 dxc4 5. dxe5 Bf5 6. e3 Bd3 7. Be2 Nc6 8. Nf3
Nge7 9. O-O Ng6 10. Re1 O-O 11. a3 Be7 12. b3 Ngxe5 13. Nxe5 Nxe5 14. f4 Bxe2
15. Rxe2 Nd3 16. bxc4 Bc5 17. Ne4 Re8 18. Nxc5 Nxc5 19. Bb4 Ne4 20. Rc1 c5 21.
Be1 Qf6 22. Qb3 b6 23. Bc3 Qc6 24. Rd1 Rad8 25. Rxd8 Rxd8 26. Re1 Qd6 27. Qc2
Nxc3 28. Qxc3 Qd2 29. Qc1 f5 30. h3 Kf7 31. Kh2 Qxc1 32. Rxc1 Rd3 0-1

[Event "Reykjavik Open 2024"]
[Site "Reykjavik ISL"]
[Date "2024.03.15"]
[Round "1.161"]
[White "Omarsson, Josef"]
[Black "Ernisson, Petur Ulfar"]
[Result "1-0"]
[WhiteElo "1803"]
[BlackElo "1450"]
[WhiteFideId "2316102"]
[BlackFideId "2326116"]
[EventDate "2024.03.15"]

1. d4 d5 2. c4 e5 3. dxe5 d4 4. Nf3 Nc6 5. Bg5 Be7 6. Bxe7 Ngxe7 7. Na3 Ng6 8.
Qc2 O-O 9. g3 Ncxe5 10. Nxe5 Nxe5 11. O-O-O Ng4 12. e3 c5 13. h3 Nf6 14. exd4
cxd4 15. Nb5 Qe7 16. Bg2 a6 17. Rhe1 Qc5 18. Nxd4 Rd8 19. Nb3 Rxd1+ 20. Rxd1 Qc7
21. Nd4 g6 22. Qc3 Kg7 23. Kb1 Bd7 24. g4 h6 25. Ne2 Re8 26. Ng3 Bc6 27. Bxc6
Qxc6 28. c5 Re6 29. f4 Qa4 30. Rf1 Kh7 31. f5 Ne4 32. fxg6+ Rxg6 33. Qd3 Ng5 34.
h4 Ne6 35. h5 Nf4 36. hxg6+ fxg6 37. Qe3 Ng2 38. Qe7+ Kg8 39. Rf8# 1-0

[Event "Reykjavik Open 2024"]
[Site "Reykjavik ISL"]
[Date "2024.03.15"]
[Round "1.162"]
[White "Asgeirsson, Adalsteinn Egill"]
[Black "Jelsma, Remco"]
[Result "0-1"]
[WhiteElo "1434"]
[BlackElo "1802"]
[WhiteFideId "2323940"]
[BlackFideId "1085778"]
[EventDate "2024.03.15"]

1. e4 c5 2. Nc3 Nc6 3. Bc4 e6 4. f4 a6 5. a4 d6 6. Nf3 Nf6 7. d4 cxd4 8. Nxd4
Nxe4 9. Nxe4 d5 10. Nxc6 bxc6 11. Bxd5 cxd5 12. Ng5 Qf6 13. O-O Bc5+ 14. Kh1 h6
15. Nf3 O-O 16. Qd3 a5 17. Ne5 Ba6 18. c4 dxc4 19. Nxc4 Rfd8 20. Qc2 Rd4 21. b3
Rxc4 22. bxc4 Qxa1 23. f5 Qd4 24. fxe6 Qxc4 25. Qxc4 Bxc4 26. Rxf7 Bxe6 27. Rc7
Rd8 0-1

[Event "Reykjavik Open 2024"]
[Site "Reykjavik ISL"]
[Date "2024.03.15"]
[Round "1.163"]
[White "Wong-Godfrey, Emerson P"]
[Black "Bokobza, Pierre"]
[Result "1-0"]
[WhiteElo "1799"]
[BlackElo "1431"]
[WhiteFideId "30996309"]
[BlackFideId "653030575"]
[EventDate "2024.03.15"]

1. e4 e5 2. Nf3 Nc6 3. Bc4 Nf6 4. d4 exd4 5. e5 Ne4 6. Qe2 Nc5 7. O-O Be7 8. Rd1
O-O 9. Nxd4 d6 10. exd6 cxd6 11. Nc3 Nxd4 12. Rxd4 Bf6 13. Rd1 Bxc3 14. bxc3 Be6
15. Bf4 d5 16. Qf3 Qf6 17. Bxd5 Bxd5 18. Rxd5 Na4 19. Qg4 Rfe8 20. Be3 Qc6 21.
Bd4 f6 22. c4 Qxc4 23. Rd7 g6 24. Qh4 h5 25. Qxf6 1-0

[Event "Reykjavik Open 2024"]
[Site "Reykjavik ISL"]
[Date "2024.03.16"]
[Round "2.1"]
[White "Deac, Bogdan-Daniel"]
[Black "Domalchuk-Jonasson, Aleksandr"]
[Result "1/2-1/2"]
[WhiteTitle "GM"]
[BlackTitle "FM"]
[WhiteElo "2690"]
[BlackElo "2355"]
[WhiteFideId "1226380"]
[BlackFideId "14142805"]
[EventDate "2024.03.15"]

1. c4 e6 2. Nc3 d5 3. d4 Nf6 4. cxd5 exd5 5. Bf4 Bd6 6. Bxd6 Qxd6 7. e3 Bf5 8.
Nge2 O-O 9. Nf4 Nbd7 10. Be2 Rfe8 11. Qb3 c6 12. Rc1 a5 13. Nd3 h5 14. Qd1 g6
15. h3 Kg7 16. Bf3 h4 17. Be2 a4 18. Nxa4 Bxd3 19. Bxd3 Qb4+ 20. Nc3 Rxa2 21. b3
Rb2 22. O-O Rxb3 23. Ne2 Ra8 24. Bc2 Rb2 25. Nf4 Qd6 26. Nd3 Rba2 27. Nf4 b5 28.
Bb1 R2a4 29. Bd3 R8a6 30. Qc2 Ra2 31. Qb1 Nf8 32. Rc2 Qa3 33. Rxa2 Qxa2 34. Qc1
Qa3 35. Qc2 Qa2 36. Qc1 N8d7 37. Rd1 Qa3 38. Qb1 Nf8 39. Rc1 Qd6 40. Be2 Ne4 41.
Qc2 Nd7 42. Nd3 Qa3 43. Bf3 Nd6 44. Rb1 Nc4 45. Nb4 Rb6 46. e4 dxe4 47. Bxe4 c5
48. dxc5 Nxc5 49. Bd5 Ne6 50. Bxc4 bxc4 51. Qxc4 g5 1/2-1/2

[Event "Reykjavik Open 2024"]
[Site "Reykjavik ISL"]
[Date "2024.03.16"]
[Round "2.2"]
[White "Lohia, Sohum"]
[Black "Ivanchuk, Vasyl"]
[Result "1/2-1/2"]
[WhiteTitle "FM"]
[BlackTitle "GM"]
[WhiteElo "2354"]
[BlackElo "2625"]
[WhiteFideId "5819369"]
[BlackFideId "14100010"]
[EventDate "2024.03.15"]

1. e4 c6 2. d4 d5 3. exd5 cxd5 4. Bd3 Nf6 5. c3 Nc6 6. Bf4 Bg4 7. Qb3 Qc8 8. Nd2
e6 9. Ngf3 Be7 10. O-O Bh5 11. Rfe1 O-O 12. h3 Bg6 13. Bxg6 hxg6 14. Qb5 Qd7 15.
a4 Bd6 16. Bxd6 Qxd6 17. Ne5 Qc7 18. Qe2 Rac8 19. Nxc6 Qxc6 20. h4 Qa6 21. Qxa6
bxa6 22. a5 Rb8 23. b4 Rfc8 24. Rac1 Ne4 25. Nxe4 dxe4 26. Kf1 f5 27. Ke2 Kf7
28. f3 exf3+ 29. Kxf3 Rc6 1/2-1/2

[Event "Reykjavik Open 2024"]
[Site "Reykjavik ISL"]
[Date "2024.03.16"]
[Round "2.3"]
[White "Xu, Xiangyu"]
[Black "Moksh, Amit Doshi"]
[Result "1-0"]
[WhiteTitle "GM"]
[BlackTitle "IM"]
[WhiteElo "2623"]
[BlackElo "2353"]
[WhiteFideId "8608288"]
[BlackFideId "25064967"]
[EventDate "2024.03.15"]

1. d4 Nf6 2. c4 e6 3. g3 d5 4. Bg2 Be7 5. Nf3 O-O 6. b3 c5 7. O-O cxd4 8. Bb2
Nc6 9. Nxd4 Bd7 10. Nd2 Nxd4 11. Bxd4 Bc6 12. Rc1 Rc8 13. e3 Qa5 14. cxd5 Bxd5
15. Nc4 Bxc4 16. bxc4 b6 17. Qb3 Rfd8 18. Rfd1 h6 19. h3 Nd7 20. Rc2 Bf6 21.
Rcd2 Nc5 22. Qc2 Qa4 23. Qb2 e5 24. Bxe5 Qxd1+ 25. Rxd1 Rxd1+ 26. Kh2 Bxe5 27.
Qxe5 Rd2 28. Qf5 Rc7 29. g4 Re7 30. h4 g6 31. Qf4 Kh7 32. Qf6 Rdd7 33. h5 Ne4
34. hxg6+ fxg6 35. Qf4 Ng5 36. Bd5 b5 37. Qb8 Ne6 38. Qxb5 Nc7 39. Qc6 Nxd5 40.
cxd5 Rc7 41. Qa4 Rf7 42. Kg3 g5 43. d6 Rcd7 44. Qd4 Rf8 45. e4 Rfd8 46. e5 Kg8
47. Qd5+ Kf8 48. e6 Rxd6 49. Qf5+ 1-0

[Event "Reykjavik Open 2024"]
[Site "Reykjavik ISL"]
[Date "2024.03.16"]
[Round "2.4"]
[White "Thorfinnsson, Bjorn"]
[Black "Moussard, Jules"]
[Result "1/2-1/2"]
[WhiteTitle "IM"]
[BlackTitle "GM"]
[WhiteElo "2353"]
[BlackElo "2621"]
[WhiteFideId "2300982"]
[BlackFideId "642908"]
[EventDate "2024.03.15"]

1. d4 Nf6 2. Nf3 e6 3. Bg5 d5 4. e3 c5 5. c3 Nbd7 6. Nbd2 Qc7 7. Bd3 h6 8. Bh4
Bd6 9. Qe2 a6 10. a3 b5 11. b4 c4 12. Bc2 Bb7 13. e4 dxe4 14. Nxe4 Nxe4 15. Bxe4
Nb6 16. Nd2 Bd5 17. a4 Bxe4 18. Qxe4 O-O 19. a5 Nd5 20. Rc1 Nf4 21. O-O Nd3 22.
Bg3 Nxc1 23. Rxc1 Rae8 24. Bxd6 Qxd6 25. f4 f6 26. Nf3 Qd5 27. Qg6 Qf5 28. Qxf5
exf5 29. Kf2 Re4 30. Re1 g5 31. g3 Kf7 32. Nd2 Rxe1 33. Kxe1 gxf4 34. gxf4 Rg8
35. Kf2 Rg4 36. h3 Rg8 37. Nf1 Ke6 38. Ne3 h5 39. h4 Rg6 40. Ng2 Rg8 41. Kf3 Kd5
42. Ne3+ Ke6 43. Ng2 Kd5 44. Ne3+ Ke6 1/2-1/2

[Event "Reykjavik Open 2024"]
[Site "Reykjavik ISL"]
[Date "2024.03.16"]
[Round "2.6"]
[White "Stelmaszyk, Nico"]
[Black "Pultinevicius, Paulius"]
[Result "1/2-1/2"]
[WhiteTitle "FM"]
[BlackTitle "GM"]
[WhiteElo "2347"]
[BlackElo "2575"]
[WhiteFideId "16200462"]
[BlackFideId "12809390"]
[EventDate "2024.03.15"]

1. e4 c6 2. Nf3 d5 3. Nc3 dxe4 4. Nxe4 Nf6 5. Qe2 Na6 6. d4 Nxe4 7. Qxe4 Qd5 8.
Qxd5 cxd5 9. Ne5 Nb8 10. Bb5+ Nd7 11. O-O a6 12. Bd3 Nxe5 13. dxe5 Bd7 14. Be3
e6 15. c4 Bc6 16. Rfd1 Be7 17. cxd5 Bxd5 18. f3 h5 19. Rac1 h4 20. Kf2 Bd8 21.
b3 Bc6 22. f4 Bc7 23. Be2 g5 24. Bf3 gxf4 25. Bxf4 Bb6+ 26. Be3 Bxf3 27. gxf3
Bxe3+ 28. Kxe3 Rd8 29. Rd6 Rg8 30. Rc7 Rg2 31. Rxb7 Rxa2 32. Rxd8+ Kxd8 33. h3
Rh2 34. Rxf7 Rxh3 35. Kf4 Rh1 36. Kg5 h3 37. Rh7 h2 38. Kf6 Rf1 39. Rxh2 Rxf3+
40. Kxe6 Rxb3 41. Rh8+ Kc7 42. Ke7 a5 43. Ra8 Ra3 44. e6 a4 45. Ke8 Kb7 46. Ra5
Re3 47. e7 a3 48. Ra4 Rf3 49. Kd7 Rd3+ 50. Ke6 Re3+ 51. Kd6 Rd3+ 52. Kc5 Re3 53.
e8=N Rxe8 54. Rxa3 1/2-1/2

[Event "Reykjavik Open 2024"]
[Site "Reykjavik ISL"]
[Date "2024.03.16"]
[Round "2.7"]
[White "Sanal, Vahap"]
[Black "Risting, Eivind Olav"]
[Result "1-0"]
[WhiteTitle "GM"]
[BlackTitle "FM"]
[WhiteElo "2558"]
[BlackElo "2336"]
[WhiteFideId "6300545"]
[BlackFideId "1517333"]
[EventDate "2024.03.15"]

1. c4 e6 2. Nf3 d5 3. e3 Nf6 4. b3 b6 5. Bb2 Bb7 6. d4 Nbd7 7. Bd3 c5 8. cxd5
exd5 9. O-O Be7 10. Nc3 O-O 11. Ne2 Ne4 12. Rc1 Rc8 13. Ng3 Nxg3 14. hxg3 Bf6
15. Qe2 Rc7 16. Rfd1 Qe7 17. Bf5 Nb8 18. Ba3 g6 19. Bh3 Na6 20. Rc2 Qe8 21. Qd2
Be7 22. Qc1 Qb5 23. Ne5 Nb4 24. Bxb4 Qxb4 25. Bg4 Rd8 26. Bf3 Qb5 27. Nd3 Bd6
28. Nf4 Bxf4 29. gxf4 a5 30. Be2 Qb4 31. Rc3 a4 32. a3 Qa5 33. b4 Qa7 34. dxc5
Rdc8 35. cxb6 Qxb6 36. Rxc7 Rxc7 37. Qb2 Qc6 38. Qe5 Qc3 39. Bb5 Qxe5 40. fxe5
Rc3 41. Rd3 Rc1+ 42. Kh2 Bc6 43. Ba6 1-0

[Event "Reykjavik Open 2024"]
[Site "Reykjavik ISL"]
[Date "2024.03.16"]
[Round "2.8"]
[White "Ragnarsson, Dagur"]
[Black "Galperin, Platon"]
[Result "1/2-1/2"]
[WhiteTitle "IM"]
[BlackTitle "GM"]
[WhiteElo "2337"]
[BlackElo "2555"]
[WhiteFideId "2304058"]
[BlackFideId "14165414"]
[EventDate "2024.03.15"]

1. d4 Nf6 2. c4 g6 3. Nc3 Bg7 4. e4 d6 5. f3 O-O 6. Nge2 c5 7. d5 e6 8. Ng3 exd5
9. cxd5 h5 10. Be2 a6 11. a4 Nh7 12. Be3 h4 13. Nf1 f5 14. exf5 gxf5 15. a5 Nd7
16. Qc2 f4 17. Bd2 Ng5 18. h3 Ne5 19. Nh2 Bf5 20. Ne4 Qe8 21. Ra4 Qg6 22. Ng4
Nxg4 23. hxg4 Bxe4 24. fxe4 f3 25. gxf3 Nxf3+ 26. Kd1 Nd4 27. Qd3 Rae8 28. e5
Qxd3 29. Bxd3 Bxe5 30. Rxh4 Nf3 31. Rh5 Nxd2 32. Rg5+ Bg7 33. Kxd2 Rf2+ 34. Kd1
Re3 35. Bf5 Kf8 36. Re4 Rxe4 37. Bxe4 Rxb2 38. Bg6 Bf6 39. Rf5 Kg7 40. Be8 Rg2
41. g5 Bxg5 42. Rf7+ Kh6 43. Rxb7 Rd2+ 44. Ke1 Rxd5 45. Bf7 Rd4 46. Rb6 Kg7 47.
Bb3 Bd2+ 48. Ke2 Bxa5 49. Rxa6 Bb4 50. Ke3 Kf6 51. Ra7 d5 52. Rd7 Ke6 53. Rxd5
Bd2+ 54. Kf3 Rb4 55. Ba2 Bf4 1/2-1/2

[Event "Reykjavik Open 2024"]
[Site "Reykjavik ISL"]
[Date "2024.03.16"]
[Round "2.9"]
[White "Can, Emre"]
[Black "Cieslak, Patryk"]
[Result "1/2-1/2"]
[WhiteTitle "GM"]
[BlackTitle "FM"]
[WhiteElo "2551"]
[BlackElo "2325"]
[WhiteFideId "6302181"]
[BlackFideId "21078882"]
[EventDate "2024.03.15"]

1. d4 d5 2. c4 e6 3. Nf3 Nf6 4. g3 dxc4 5. Bg2 c6 6. O-O b5 7. Ne5 Bb7 8. Nc3 a6
9. b3 cxb3 10. Qxb3 Be7 11. Rd1 O-O 12. Ba3 Qc7 13. Ne4 c5 14. Nxc5 Bxg2 15.
Kxg2 Bxc5 16. Bxc5 Rc8 17. Qf3 Nc6 18. Nd3 e5 19. dxe5 Nxe5 20. Nxe5 Qxc5 21.
Nd7 Qc6 22. Nxf6+ Qxf6 23. Qxf6 gxf6 24. Rd6 Rc2 25. e3 Kg7 26. a4 b4 27. a5 Re8
28. Rb1 Rxe3 29. Rxb4 Re5 30. Rg4+ Rg5 31. Rxg5+ fxg5 32. g4 Ra2 33. Rxa6 Ra3
34. Ra8 h6 35. Ra6 Kh7 36. Kf1 Ra2 37. Kg2 Ra3 38. Kf1 Ra2 39. h3 Ra3 40. Ke2
Kg7 41. f3 Kh7 42. Ra8 Kg7 43. Ra6 Kh7 44. Ra7 Kg6 45. a6 Kf6 46. Ra8 Kg7 47.
Kd2 Rxf3 48. Kc2 Rxh3 49. Kb2 Rh2+ 50. Kb3 Rh1 51. Kb4 Ra1 52. Kb5 h5 53. gxh5
f5 54. Rd8 f4 55. Rd6 f3 56. Rg6+ Kh7 57. Rxg5 f2 58. Rf5 f1=Q+ 59. Rxf1 Rxf1
60. a7 Ra1 61. Kb6 Kh6 62. Kb7 Rxa7+ 63. Kxa7 Kxh5 1/2-1/2

[Event "Reykjavik Open 2024"]
[Site "Reykjavik ISL"]
[Date "2024.03.16"]
[Round "2.11"]
[White "Adhiban, Baskaran"]
[Black "Bjornsson, Sigurbjorn"]
[Result "1/2-1/2"]
[WhiteTitle "GM"]
[BlackTitle "FM"]
[WhiteElo "2541"]
[BlackElo "2305"]
[WhiteFideId "5018471"]
[BlackFideId "2300974"]
[EventDate "2024.03.15"]

1. e4 c5 2. Nf3 d6 3. d4 cxd4 4. Nxd4 Nf6 5. Nc3 g6 6. Be3 Bg7 7. f3 a6 8. Qd2
h5 9. Be2 Nc6 10. O-O O-O 11. a4 d5 12. Nxc6 bxc6 13. e5 Nd7 14. f4 e6 15. a5 c5
16. Na4 Qc7 17. Nxc5 Nxc5 18. Qc3 f6 19. Qxc5 Rf7 20. Qxc7 Rxc7 21. exf6 Bxf6
22. c3 Bb7 23. Bb6 Re7 24. Bd3 Kg7 25. Rfe1 h4 26. Bc5 Ree8 27. Ra4 Be7 28. Bxe7
Rxe7 29. Rb4 Kf6 30. Re5 Bc6 31. Rb6 Bb5 32. Bxb5 axb5 33. Rxb5 Rea7 34. Rb6
Rxa5 35. Rbxe6+ Kf7 36. Rb6 Ra4 37. g3 d4 38. Rb7+ Kf6 39. Rb6+ Kf7 40. Rb7+ Kf6
41. g4 g5 42. Rb6+ Kf7 43. Rb7+ Kf6 44. Rbe7 R8a6 45. fxg5+ Kg6 46. h3 dxc3 47.
bxc3 Ra3 48. Rc7 Ra2 49. Rf5 Rc2 50. Rf2 Rc1+ 51. Kg2 Kxg5 52. Rc8 Kg6 53. Rg8+
Kh7 54. Rc8 Kg6 55. Re2 Rd6 56. Rg8+ Kh7 57. Rc8 Kg6 58. Rc7 Ra6 59. Rd2 Rf6 60.
c4 Rc3 61. c5 Rg3+ 62. Kh2 Rc3 63. Rc8 Rff3 64. Rc6+ Kf7 65. Rc7+ Ke8 66. Rc8+
Ke7 67. Rc7+ Ke8 68. Rc8+ Ke7 69. Rc7+ 1/2-1/2

[Event "Reykjavik Open 2024"]
[Site "Reykjavik ISL"]
[Date "2024.03.16"]
[Round "2.12"]
[White "Mendes Aaron Reeve"]
[Black "Fernandez, Daniel Howard"]
[Result "1/2-1/2"]
[WhiteTitle "FM"]
[BlackTitle "GM"]
[WhiteElo "2309"]
[BlackElo "2532"]
[WhiteFideId "25954938"]
[BlackFideId "5801605"]
[EventDate "2024.03.15"]

1. e4 c5 2. Nf3 e6 3. b3 Nc6 4. Bb2 a6 5. Be2 d6 6. d4 cxd4 7. Nxd4 Nf6 8. Nxc6
bxc6 9. e5 dxe5 10. Qxd8+ Kxd8 11. Bxe5 Bb4+ 12. c3 Ba5 13. Bf3 Bd7 14. Nd2 Bc7
15. Nc4 Rg8 16. O-O-O Nd5 17. Bxc7+ Kxc7 18. Ne5 Be8 19. c4 Ne7 20. Rd2 Rd8 21.
Rxd8 Kxd8 22. Rd1+ Kc7 23. b4 Ng6 24. Nd3 Bd7 25. Bh5 f6 26. Nc5 Bc8 27. g3 e5
28. a4 Rf8 29. Bxg6 hxg6 30. h4 Rh8 31. Rd2 Rh5 32. Kb2 g5 33. hxg5 Rxg5 34. Kc3
Rf5 35. b5 Kb6 36. Nb3 Rf3+ 37. Kb4 c5+ 38. Ka3 axb5 39. axb5 Bf5 40. Rd6+ Kc7
41. Rc6+ Kb8 42. Kb2 Rxf2+ 43. Ka3 Rf3 44. Kb2 e4 45. Nxc5 e3 46. Na6+ Kb7 47.
c5 Bd3 48. Rc7+ Ka8 49. Re7 e2 50. c6 Rf1 51. b6 Rb1+ 52. Kc3 Rxb6 53. Nc7+ Kb8
54. Kxd3 e1=Q 55. Rxe1 Kxc7 56. Re7+ Kxc6 57. Ke4 1/2-1/2

[Event "Reykjavik Open 2024"]
[Site "Reykjavik ISL"]
[Date "2024.03.16"]
[Round "2.13"]
[White "Klimkowski, Jan"]
[Black "Hopman, Pieter"]
[Result "0-1"]
[WhiteTitle "IM"]
[BlackTitle "IM"]
[WhiteElo "2532"]
[BlackElo "2297"]
[WhiteFideId "21856222"]
[BlackFideId "1005669"]
[EventDate "2024.03.15"]

1. e4 d6 2. d4 Nf6 3. Nc3 e5 4. Nge2 c6 5. h3 b5 6. a3 h5 7. Ng1 Qa5 8. Qd2 b4
9. Nce2 c5 10. dxe5 dxe5 11. c3 Bb7 12. f3 h4 13. g4 Nc6 14. Qc2 c4 15. Be3 b3
16. Qc1 O-O-O 17. Kf2 Rd3 18. Kg2 Nd8 19. Nd4 exd4 20. cxd4 Rxe3 21. Qxe3 Qc7
22. Ne2 Ne6 23. Rc1 g6 24. g5 Rh5 25. Kf2 Rxg5 26. Ke1 Bh6 27. Qc3 Rh5 28. Rd1
Nd7 29. d5 Bg7 30. Qe3 Nec5 31. d6 Qa5+ 32. Nc3 Ne5 33. d7+ Kd8 34. Rd2 Ncd3+
35. Bxd3 Nxd3+ 36. Ke2 Qb6 37. Rxd3 cxd3+ 38. Qxd3 Ba6 0-1